Planificación de instalaciones para el cebo de bovinos: prototipos prefabricados en hormigón armado
Gespeichert in:
| Hauptverfasser: | , |
|---|---|
| Format: | Buch |
| Sprache: | Spanisch |
| Veröffentlicht: |
Sevilla
Universidad de Sevilla
1973
|
| Schlagworte: | |
| Tags: |
Tag hinzufügen
Keine Tags, Fügen Sie den ersten Tag hinzu!
|
MARC
| LEADER | 00000nam a2200000 a 4500 | ||
|---|---|---|---|
| 001 | UCR2067 | ||
| 003 | CL-VaPUC | ||
| 008 | 980109e19730000SP |||||||||||||||||spa|d | ||
| 082 | 0 | 4 | |a 631.2 |b VER |2 21 |
| 100 | 0 | |a Vera y Vega, Alfonso |e author |9 399705 | |
| 700 | 0 | |a Serrano Muñóz, Juan |e author |9 399706 | |
| 245 | 1 | 0 | |a Planificación de instalaciones para el cebo de bovinos: prototipos prefabricados en hormigón armado |
| 300 | |a 148 p | ||
| 942 | |c BK | ||
| 945 | |d 19980109 00:00:00 |a jquezada | ||
| 260 | |a Sevilla |b Universidad de Sevilla |c 1973 | ||
| 650 | 7 | |a BOVINOS |2 CL-VaPUC |9 399707 | |
| 650 | 7 | |a CEBOS |2 CL-VaPUC |9 399708 | |
| 650 | 0 | |a Montaje |9 310689 | |
| 650 | 7 | |a PROYECTO |2 CL-VaPUC |9 344642 | |
| 650 | 0 | |a Ganadería |9 264177 | |
| 650 | 7 | |a COMEDEROS |2 CL-VaPUC |9 399709 | |
| 650 | 0 | |a Albergues |9 399710 | |
| 650 | 0 | |a Contabilidad de costos |9 260564 | |
| 650 | 7 | |a HORMIGON ARMADO |2 CL-VaPUC |9 399711 | |
| 583 | |a last modification |c 19980109 00:00:00 |k Rodrigo Vera | ||
| 999 | |c 265340 |d 265338 | ||